Marauders Fanfictions - Statistics

General Stats
  • This quiz has been taken 427 times
  • The average score is 5 of 7
Answer Stats
Hint Answer % Correct
All the... young dudes
99%
Crimson... rivers
93%
Art...! heist baby
81%
The cadence of... part time poets
79%
Only the... brave
76%
Cho... ices
60%
Just lovers (...) like we were supposed to be
59%
No matching quizzes found
Score Distribution
Percent of People with Each Score
Percentile by Number Answered
Your Score History
You have not taken this quiz